000 00612nam a22001937a 4500
005 20251108165006.0
008 250721s2008 xx 000 0 ara d
082 1 4 _aط/211.2/طال
100 1 _aعبد الرحيم، محمد
245 1 0 _aديوان علي بن أبي طالب /
264 1 _aبيروت :
_bدار الراتب الجامعية،
_c2008.
300 _a272ص.
490 0 _aموسوعة مملكة الشعراء
650 1 7 _aالشعر العربي
650 1 7 _aعصر صدر الاسلام
653 _aناشاون كبار (15-18) سنه
942 _2ddc
_cBK
999 _c19296
_d19296